000 00549nam a2200181Ia 4500
008 090123s9999 xx 000 0 und d
082 _b7012
100 _aसहस्त्रबुध्दे नलिनी
245 _aपालखी
250 _a1
260 _bसोनसळे गो.शं.
300 _a68
600 _aसहस्त्रबुध्दे नलिनी
630 _aपालखी
700 _aसहस्त्रबुध्दे नलिनी
730 _aपालखी
942 _cBOOK
999 _c45077
_d45077